• 首页
  • 本馆介绍
  • 公告通知
  • 最新文献
  • 馆藏检索
  • 电子资源
  • 读者荐购
  • 参考咨询
  • CALIS
  • 我的图书馆
  • 登录
  • 详细信息显示
  • 放入我的书架
  • 预约/预借图书
  • 作者相关作品
  • 分类相关作品
  • 丛书相关作品
  • 出版社相关作品

书目信息

  • 表格格式
  • 工作单格式
  • 卡片格式
书名: GIFTS FROM THE KITCHEN
作者: LOUIS WEBER
分册号:
分册名:
出版地: CHINA
 
出版社: CHINA
出版时间: 2007
页数: 160P
开本: 24CM
丛书名:
中图分类号:
科图分类号:
其他分类号: TS972.1
主题词:
电子资源:
 
 
 
 
 
000 00384nam0 2200145 450
001 202012003595
005 20121206105442.0
008 12120601s
020    @a9781412725514@bHARD@c$20.00
099    @dTS972.1@eL8882
245 10 @aGIFTS FROM THE KITCHEN@cLOUIS WEBER
260 0  @aCHINA@bCHINA@c2007
300    @a160P@c24CM
905    @b15243-4
905    @aTSG@dTS972.1@eL8882
    
    GIFTS FROM THE KITCHEN / LOUIS WEBER.-CHINA : CHINA , 2007
    160P ; 24CM
    
    
    ISBN 9781412725514HARD$20.00
    
●
相关链接 在E读中查询图书 在当当中查询图书 在豆瓣中查询图书


正题名:GIFTS FROM THE KITCHEN     索取号:TS972.1/L8882         预约/预借

序号 登录号 条形码 馆藏地/架位号 状态 备注
1 15243   300152439   自科库501/ [索取号:TS972.1/L8882] 在馆    
2 15244   300152448   自科库501/ [索取号:TS972.1/L8882] 在馆    
河南城建学院图书馆 欢迎您!
大连网信软件有限公司© 版权所有